Regímenes internacionales en las fronteras de Centroamérica como factores potencializadores de la cooperación e integración regional/

Uloženo v:
Podrobná bibliografie
Hlavní autor: Ramírez Brenes, Juan Carlos
Médium: Kniha
Jazyk:Spanish
Tagy: Přidat tag
Žádné tagy, Buďte první, kdo vytvoří štítek k tomuto záznamu!

MARC

LEADER 00000nam a22000007a 4500
003 cru CIDCACS/IIS
005 20180322143905.0
007 ta
008 180322t2014 |||||r|||||||| ||spa|d
999 |c 41185  |d 41185 
040 |c cru CIDCACS/IIS 
100 |9 6837  |a Ramírez Brenes, Juan Carlos 
245 1 |a Regímenes internacionales en las fronteras de Centroamérica como factores potencializadores de la cooperación e integración regional/  |c Juan Carlos Ramírez Brenes 
300 |a páginas 129-160 
773 0 |0 41178  |9 1912  |a Soto Acosta, Willy  |d San José, Costa Rica: Universidad Nacional de Costa Rica; CSUCA, 2014  |o 18429  |t Centroamérica:  |z 9789968930536 
942 |2 ddc  |c LI